| 000 | 01106cam a2200325 a 4500 | ||
|---|---|---|---|
| 999 |
_c219637 _d219637 |
||
| 001 | 2090145 | ||
| 003 | Nust | ||
| 005 | 20170216095309.0 | ||
| 008 | 951204s1996 nyu 000 1 eng | ||
| 010 | _a 95052049 | ||
| 020 | _a9788129109590 | ||
| 040 |
_aDLC _cDLC _dDLC _dOCoLC |
||
| 041 | 1 |
_aeng _hnor |
|
| 043 | _ae-no--- | ||
| 050 | 0 | 0 |
_aPT8950.H3 _bS913 1996 |
| 082 | 0 | 0 |
_a839.8236 _bHAM |
| 100 | 1 |
_aHamsun, Knut, _d1859-1952. |
|
| 240 | 1 | 0 |
_aSværmere. _lEnglish |
| 245 | 1 | 0 |
_aDreamers / _cKnut Hamsun ; translated from the Norwegian by Tom Geddes. |
| 260 |
_aNew York : _bNew Directions Pub. Corp., _c1996. |
||
| 300 |
_a126 p. ; _c21 cm. |
||
| 490 | 0 |
_aNew Directions paperbook ; _v821 |
|
| 490 | 1 | _aA New Directions classic | |
| 651 | 0 |
_aNorway _xFiction. |
|
| 655 | 7 |
_aHumorous stories. _2gsafd |
|
| 700 | 1 | _aGeddes, Tom. | |
| 830 | 0 | _aNew Directions classics. | |
| 906 |
_a7 _bcbc _corignew _d1 _eocip _f19 _gy-gencatlg |
||
| 942 |
_2ddc _cBK |
||